Le Khameskere čhave romská próza a poezie

Bibliographic Details
Main Author: Oláh, Vlado, 1947-2012 (Author)
Other Authors: Viková, Lada, 1969- (Translator), Lamr, Václav, 1943- (Illustrator)
Format: Book
Language:Romani
Czech
PhysicalDescription:108 strán ilustrácie, portréty 21 cm
Published: Praha Matice romská 2003
Edition:Vyd. 1.
Subjects:

MARC

LEADER 00000cam a2200000 a 4500
001 vtls001478552
003 SK-MaSNL
005 20260301183058.0
008 240226s2003 xr ac gr 000 m rom
015 |a SNBZSA2004-00331 
020 |q (brožované) 
035 |a SNK000433852 
035 |a urn:nbn:sk:snk-am3j37u 
035 |a AD7A0DCE-FA11-4C0B-9518-8DB3711B6375 
035 |a urn:nbn:sk:snk-am00ggz9 
040 |a SNK  |b slo  |c SNK  |e AACR2 
041 1 |a rom  |a cze  |h rom 
044 |a xr  |c CZ 
072 7 |a 821.09  |x Literatúra v rôznych jazykoch (o nej)  |2 konspekt 
080 |a 821.214.58-3=214.58=162.3  |2 1997 
080 |a 821.214.58-1  |2 1997 
080 |a 002.2(=214.58)  |2 2011 
080 |a 821(=214.58)-3  |2 2001 
080 |a 821(=214.58)-1  |2 2001 
080 |a (0.027)=030  |2 2011 
100 1 |a Oláh, Vlado,  |d 1947-2012  |4 aut  |9 557845 
245 1 0 |a Le Khameskere čhave  |b romská próza a poezie  |c Vlado Oláh ; překlad Lada Viková ; ilustrace Václav Lamr 
246 3 1 |a Děti slunce 
250 |a Vyd. 1. 
260 |a Praha  |b Matice romská  |c 2003 
300 |a 108 strán  |b ilustrácie, portréty  |c 21 cm 
500 |a Súbežný názov česky ; pravdepodobne preložené z rómčiny 
546 |a Text rómsky, súbežne česky 
650 0 7 |a romiká  |2 SNKPH  |9 72855 
655 7 |a rómske prózy  |2 SNKPH  |9 70800 
655 7 |a rómska poézia  |2 SNKPH  |9 70801 
655 7 |a dvojjazyčné vydania  |2 SNKPH  |9 79030 
700 1 |a Viková, Lada,  |d 1969-  |4 trl  |9 207519 
700 1 |a Lamr, Václav,  |d 1943-  |4 ill  |9 557846 
958 |a ZS 
958 |a LX 
958 |a UP 
958 |a RQ 
958 |a TL 
958 |a OND 
999 |c 855787  |d 857717 
952 |t P60, <03>, [BOOK], {603}  |a SNK  |b SNK  |y PREZ  |7 0  |p 17A0443613  |o snkSC 117807  |i snkV 1424/2004  |g 3.98  |0 0  |1 0  |4 0  |d 2004-07-15  |f 1  |l 0  |r 2025-10-07 00:00:00  |w 2026-02-24 
952 |t P60, <04>, [BOOK], {604}  |a SNK  |b SNK  |y VYP  |7 0  |p 17A0443612  |o snkSC 117807 D1  |i snkV 1425/2004  |g 3.98  |0 0  |1 0  |4 0  |d 2004-07-15  |l 0  |r 2005-01-02 00:00:00  |w 2026-02-24